000 00308pam a2200133 a 4500
020 _c
041 _h
100 _aGeorge B. Schaller,
_eAuthor.
245 _aThe Deer and The Tiger
_hTextual Documents
250 _a1st.
260 _a[s.l]:
_bNatraj Publisher Dehar Dun
300 _a370.
930 _a2332
999 _c248183
_d248183